00489nam a2200169Ia 450000500170000000800410001708200150005810000170007324500310009026000370012130000120015865000200017065000130019094200060020395200970020999900130030620250410081716.0240331s9999 xx 000 0 und d a200.1bMAD aMadhukishwar 0aTeciya unaryam matavatamum aKovaibVidiyal Pathippagamc1993 a72 p ., aTheshiya vatham aMathamum cL 001040708LaWERCLbWERCLcSSCd2024-03-31l0o 200.1 MADp3225r2024-03-31w2024-03-31yL c844d844